000 00489nam a2200181Ia 4500
008 090123s9999 xx 000 0 und d
082 _b23400
100 _aजोशी विमला
245 _aचाफा बोलेना
250 _a0
260 _c1993
300 _a125
600 _aजोशी विमला
630 _aचाफा बोलेना
700 _aजोशी विमला
730 _aचाफा बोलेना
942 _cBOOK
999 _c61471
_d61471